| 000 | 01006nam a2200313 a 4500 | ||
|---|---|---|---|
| 001 | 9556 | ||
| 003 | CO-ViMGA | ||
| 008 | 141112s2004 ck r 000 u spa d | ||
| 040 |
_aCO-ViMGA _bspa _cCO-ViMGA |
||
| 082 | 0 | 4 | _a332.4 B212 V.3 |
| 245 | 1 | 0 |
_aControl de cambios en Colombia : _bJurisprudencia 1967 - 1987 |
| 260 |
_aBogotá : _bBanco de la República, _c1987 Tomo III |
||
| 300 | _a1193p. | ||
| 650 | 1 | 4 |
_aBANCO DE LA REPUBLICA _98983 |
| 650 | 1 | 4 |
_aCERTIFICADOS DE CAMBIO _910691 |
| 650 | 1 | 4 |
_aCOMPRAVENTA DE DIVISAS _910692 |
| 650 | 1 | 4 |
_aCONTRABANDO _910693 |
| 650 | 1 | 4 |
_aEXPORTACIONES _948414 |
| 650 | 1 | 4 |
_aIMPORTACIONES _910694 |
| 650 | 1 | 4 |
_aINVERSION DIRECTA _910695 |
| 650 | 1 | 4 |
_aJUNTA MONETARIA _910696 |
| 650 | 1 | 4 |
_aMERCADO DE CAPITALES _910697 |
| 650 | 1 | 4 |
_aOFICINA DE CAMBIOS _910698 |
| 650 | 1 | 4 | _aRESERVAS INTERNACIONALES |
| 650 | 1 | 4 |
_aSISTEMA CAMBIARIO _910699 |
| 650 | 1 | 4 |
_aSUPERINTENDENCIA BANCARIA _910700 |
| 650 | 1 | 4 |
_aSUPERINTENDENCIA DE SOCIEDADES _910701 |
| 942 |
_2ddc _cBK |
||
| 999 |
_c21037 _d21037 |
||